[Event "Berlin Lichtenberger Sommer 2nd"]
[Site "Berlin"]
[Date "2003.08.20"]
[Round "5.32"]
[White "Kristovic, Stjepan"]
[Black "Knopf, Roland"]
[Result "1/2-1/2"]
[WhiteElo "2166"]
[BlackElo "1821"]
[PlyCount "101"]
[EventDate "2003.08.16"]
[EventType "swiss"]
[EventRounds "9"]
[EventCountry "GER"]
[SourceTitle "EXT 2022"]
[Source "ChessBase"]
[SourceDate "2021.10.06"]
[SourceVersion "1"]
[SourceVersionDate "2021.10.06"]
[SourceQuality "1"]

1. e4 g6 2. d4 Bg7 3. c4 d6 4. Nc3 Nf6 5. Be2 0-0 6. h4 h5 7. Bg5 c5 8. d5 b5 9. cxb5 a6 10. bxa6 Qa5 11. Bd2 Qb4 12. Qc2 Bxa6 13. Nb5 Qxe4 14. Qxe4 Nxe4 15. Nc7 Ra7 16. Nxa6 Nxa6 17. Rb1 Nxd2 18. Kxd2 Nb4 19. Bc4 Nxa2 20. Ne2 Rb8 21. Nc3 Nxc3 22. bxc3 Rba8 23. Kd3 Ra3 24. Rhc1 Bd4 25. Rc2 Bf6 26. g3 Ra1 27. Rcc1 R1a3 28. Rb3 Ra1 29. Rcb1 Kg7 30. R3b2 R8a3 31. Bb3 g5 32. hxg5 Bxg5 33. Bd1 h4 34. Bb3 hxg3 35. fxg3 Bf6 36. Kc4 Ra8 37. g4 Rxb1 38. Rxb1 Rh8 39. Ba4 Rd8 40. Rb7 Bg5 41. Bc6 Kf6 42. Rb2 Rh8 43. Rf2+ Kg7 44. Bd7 Rd8 45. Bf5 Rb8 46. Rf3 Bf6 47. Rf2 Rh8 48. Rf3 Re8 49. Rh3 Rh8 50. Rg3 Bg5 51. Rf3 1/2-1/2

[Event "Berlin Neukoelln op 7th"]
[Site "Berlin"]
[Date "2001.06.01"]
[Round "4"]
[White "Kristovic, Stjepan"]
[Black "Dimitrijeski, Boris"]
[Result "1-0"]
[WhiteElo "2091"]
[BlackElo "2206"]
[PlyCount "79"]
[EventDate "2001.05.11"]
[EventType "swiss"]
[EventRounds "7"]
[EventCountry "GER"]
[SourceTitle "EXT 2022"]
[Source "ChessBase"]
[SourceDate "2021.10.06"]
[SourceVersion "1"]
[SourceVersionDate "2021.10.06"]
[SourceQuality "1"]

1. e4 c5 2. Nf3 Nc6 3. d4 cxd4 4. Nxd4 Nf6 5. Nc3 e5 6. Ndb5 d6 7. Bg5 a6 8. Bxf6 gxf6 9. Na3 b5 10. Nd5 Bg7 11. Qd3 Be6 12. c3 Ne7 13. Ne3 d5 14. 0-0-0 dxe4 15. Qxe4 Qc8 16. g4 Bxa2 17. f4 Be6 18. f5 Bd7 19. Rxd7 Kxd7 20. Nxb5 axb5 21. Bxb5+ Kc7 22. Kc2 Kb8 23. Rd1 Qc5 24. Bc4 Ra7 25. Bxf7 Bh6 26. Nc4 Nc8 27. Be6 Nb6 28. Na3 Na4 29. Bc4 Qf2+ 30. Be2 Qb6 31. Nc4 Qc5 32. Rd5 Qc6 33. Qd3 Rb7 34. b4 Rc8 35. Rd6 e4 36. Qd4 Qc7 37. Ra6 Qxh2 38. Qxe4 Nxc3 39. Kxc3 Qg3+ 40. Bf3 1-0